<?xml version="1.0" encoding="UTF-8"?>
<collection xmlns:xsi="http://www.w3.org/2001/XMLSchema-instance" xsi:schemaLocation="http://www.loc.gov/MARC21/slim http://www.loc.gov/standards/marcxml/schema/MARC21slim.xsd" xmlns="http://www.loc.gov/MARC21/slim">
 <record>
  <leader>00000cam a22000004a 4500</leader>
  <controlfield tag="001">UP-99796217604720644</controlfield>
  <controlfield tag="003">Buklod</controlfield>
  <controlfield tag="005">20230503092542.0</controlfield>
  <controlfield tag="006">a     r     000 0 </controlfield>
  <controlfield tag="007">ta</controlfield>
  <controlfield tag="008">061213s2005    xx      r    |||| u|eng d</controlfield>
  <datafield tag="020" ind1=" " ind2=" ">
   <subfield code="a">9715424643 (sb)</subfield>
  </datafield>
  <datafield tag="035" ind1=" " ind2=" ">
   <subfield code="a">(iLib)UPD-00000280270</subfield>
  </datafield>
  <datafield tag="040" ind1=" " ind2=" ">
   <subfield code="a">DML</subfield>
  </datafield>
  <datafield tag="041" ind1=" " ind2=" ">
   <subfield code="a">eng</subfield>
  </datafield>
  <datafield tag="042" ind1=" " ind2=" ">
   <subfield code="a">DMLUC</subfield>
  </datafield>
  <datafield tag="090" ind1=" " ind2=" ">
   <subfield code="a">PS 9993</subfield>
   <subfield code="b">P9 H4 2005</subfield>
  </datafield>
  <datafield tag="100" ind1="1" ind2=" ">
   <subfield code="a">Puyat, Nina Estrada</subfield>
  </datafield>
  <datafield tag="245" ind1="1" ind2="0">
   <subfield code="a">Heart of clay</subfield>
   <subfield code="b">a collection of love sonnets</subfield>
   <subfield code="c">Nina Estrada.</subfield>
  </datafield>
  <datafield tag="250" ind1=" " ind2=" ">
   <subfield code="a">Centennial ed.</subfield>
  </datafield>
  <datafield tag="264" ind1=" " ind2="1">
   <subfield code="a">Quezon City</subfield>
   <subfield code="b">University of the Philippines Press</subfield>
   <subfield code="c">2005,c1959.</subfield>
  </datafield>
  <datafield tag="300" ind1=" " ind2=" ">
   <subfield code="a">xv, 118 p.</subfield>
   <subfield code="b">ill.</subfield>
  </datafield>
  <datafield tag="500" ind1=" " ind2=" ">
   <subfield code="a">Make me the liquid by your vase contained -- One glance at you and all my peace is gone -- When I remember how I closed against -- Once more this anguish seethes within my breast -- I burn your letters into ashes gray -- There is no answer to this &quot;Whereforen Whyn'' -- And yet beneath the heart's disquiet lies -- My heart beats in remembered harmonies -- I wonder if you'll ever realize -- I keep remembering your eyes somehow -- No sleep upon these eyes can ever descend -- By candle-light you held my hand. Gently -- Depart from me. The likes of you and I -- Here will I lie expecting you, dear love -- Yes, come to me tomorrow. Come and try -- Wear high and proudly your defeat, my heart -- But how can pride exist between us, love -- To think that once within these hand was cupped -- How can I drink of lesser waters, I -- If there be neither soul nor life hereafter -- I saw the lights of Hongkong glinting gold -- &quot;Your eyes of velvet.&quot;Thus you circumscribed -- Here then your picture. Here the kiss that I -- Your letter came. With fumbling fingers cold -- Beckon with but your eyes and I shall fly -- Dearest, it is for you alone that I -- For you have made a fool of me, destroyed -- I have but heart to give, my precious one -- If beauty excites you, then I wish I were -- So like a starled maya bird, away -- But, love, I did not ask that you explain -- Confused, perplexed, you watch my eyes grow dim -- Here where the blazing brilliant blues of sky -- Say not that we are far apart, beloved -- Across the land and seas that separate -- How can you prate to me of love, when love -- With the blush of virgin day you shall yet come -- A fairy died somewhere, somehow today -- If we must part, beloved, let us part in peace -- When we shall part (for this we surely shall) -- Farewell, my love, the end is yet to be -- Dearest, I wake. The dream is gone and now -- I heard the bells of Kyoto ringing clear -- Stifle back the sob. It is worth naught -- Who said the mind rememberedn Ah, no lie -- And so we smile: forlorn, estranged, resigned -- A world stands between us now. Across -- Confess your love, 'tis all I need to known -- Shall I, with smile recieve your smile; my hand -- 'Tis not the loss I mourn since I possessed -- Come, come down, Heloise, for you and I -- I shall not yield although he storms my castle -- Betrayed, the coward heart upon its knees -- On one another yet we shall in time -- And yet when all is done, why speak of vengeancen -- Who speaks of death when life is in the offingn</subfield>
  </datafield>
  <datafield tag="650" ind1=" " ind2="0">
   <subfield code="a">Sonnets, Philippine (English)</subfield>
  </datafield>
  <datafield tag="650" ind1=" " ind2="0">
   <subfield code="a">Love poetry.</subfield>
  </datafield>
  <datafield tag="842" ind1=" " ind2=" ">
   <subfield code="a">Book</subfield>
  </datafield>
  <datafield tag="905" ind1=" " ind2=" ">
   <subfield code="a">FI</subfield>
  </datafield>
  <datafield tag="905" ind1=" " ind2=" ">
   <subfield code="a">UP</subfield>
  </datafield>
  <datafield tag="950" ind1=" " ind2=" ">
   <subfield code="a">Textual</subfield>
  </datafield>
  <datafield tag="852" ind1="0" ind2=" ">
   <subfield code="a">UPD</subfield>
   <subfield code="b">DCAL</subfield>
   <subfield code="h">PS 9993</subfield>
   <subfield code="i">P9 H4 2005</subfield>
  </datafield>
  <datafield tag="852" ind1="0" ind2=" ">
   <subfield code="a">UPD</subfield>
   <subfield code="b">DMLF</subfield>
   <subfield code="h">PS 9993 P9 H4 2005</subfield>
  </datafield>
  <datafield tag="852" ind1="0" ind2=" ">
   <subfield code="a">UPD</subfield>
   <subfield code="b">DMLF</subfield>
   <subfield code="h">PS 9993 P9 H4 2005 In stacks</subfield>
  </datafield>
  <datafield tag="942" ind1=" " ind2=" ">
   <subfield code="a">Book</subfield>
  </datafield>
 </record>
</collection>
